Giáo trình hoá lí. t.I, Cơ sở nhiệt động lực học /

Saved in:
Bibliographic Details
Main Author: Nguyễn Đình Huề.
Format: Book (Paper)
Language:Vietnamese
Published: H. : Giáo dục, 2000.
Edition:Tái bản lần thứ nhất.
Subjects:
Tags: Add Tag
No Tags, Be the first to tag this record!
Institutions: Thư viện Trường Đại học Đà Lạt
LEADER 00813nam a2200325 4500
001 DLU040027242
005 ##20040422
040 # # |a DLU  |b vie 
041 # # |a vie 
044 # # |a vn 
082 # # |a 541.3  |b NG-H 
100 # # |a Nguyễn Đình Huề. 
245 # # |a Giáo trình hoá lí.  |n t.I,  |p Cơ sở nhiệt động lực học /  |c Nguyễn Đình Huề. 
250 # # |a Tái bản lần thứ nhất. 
260 # # |a H. :  |b Giáo dục,  |c 2000. 
300 # # |a 152 tr. ;  |c 20 cm. 
653 # # |a Giáo trình 
653 # # |a Hoá lý 
653 # # |a Nhiệt động lực học 
923 # # |a 10/2004 
990 # # |a t.I 
992 # # |a 8500 
994 # # |a DLU 
900 # # |a True 
911 # # |a Đào Thị Thu Huyền 
925 # # |a G 
926 # # |a A 
927 # # |a SH 
980 # # |a Thư viện Trường Đại học Đà Lạt